[Event "IX Torneo Leonardo di Bona A"]
[Site "Cutro ITA"]
[Date "2003.05.01"]
[Round "9"]
[White "Ninov, Nikolai Ivanov"]
[Black "Lazic, Miroljub"]
[Result "0-1"]
[WhiteElo "2454"]
[BlackElo "2508"]
[PlyCount "58"]
[EventDate "2003.04.23"]

1. e4 Nc6 2. d4 e5 3. dxe5 Nxe5 4. Nf3 Nxf3+ 5. Qxf3 Bb4+ 6. c3 Bc5 7. Bd3 d6
8. O-O Ne7 9. Nd2 O-O 10. Nb3 Bb6 11. Nd4 Ng6 12. Bc2 Qh4 13. Qg3 Qxg3 14. hxg3
Bd7 15. Be3 Ne5 16. Rad1 Rfe8 17. Rfe1 Re7 18. Bg5 f6 19. Bc1 Rae8 20. Kf1 g6
21. f3 Kg7 22. b3 h5 23. c4 a6 24. Bb1 Bc5 25. Be3 Bc6 26. f4 Bxd4 27. Bxd4 Ng4
28. Rd2 Bxe4 29. Rde2 Bxg2+ 0-1

[Event "IX Torneo Leonardo di Bona A"]
[Site "Cutro ITA"]
[Date "2003.05.01"]
[Round "9"]
[White "Sautto, Alessandra"]
[Black "Trabert, Bettina"]
[Result "0-1"]
[WhiteElo "1993"]
[BlackElo "2292"]
[PlyCount "106"]
[EventDate "2003.04.23"]

1. d4 d5 2. Nf3 c6 3. e3 Nf6 4. Bd3 Bg4 5. Nbd2 Nbd7 6. O-O e6 7. c3 Bd6 8. e4
dxe4 9. Nxe4 Nxe4 10. Bxe4 O-O 11. Bd3 e5 12. dxe5 Bxf3 13. gxf3 Nxe5 14. Be2
Qf6 15. Qd4 Rad8 16. Qf4 Qg6+ 17. Kh1 Qc2 18. Qe4 Qxe4 19. fxe4 Ng6 20. Be3 Bf4
21. Bd4 b6 22. b4 Rfe8 23. f3 Rd6 24. Rad1 Red8 25. Kg2 Nf8 26. Bf2 Rd2 27.
Rxd2 Rxd2 28. Bc4 Rc2 29. Bb3 Rxc3 30. Rd1 Bg5 31. Bd4 Rc1 32. Rxc1 Bxc1 33.
Ba4 Bd2 34. Bxc6 Bxb4 35. Be5 Ne6 36. Bb8 a5 37. Ba4 Kf8 38. Kf2 Ke7 39. Ke3
Bd6 40. Bxd6+ Kxd6 41. Bb3 b5 42. Bd5 g5 43. Kf2 Ke5 44. Ke3 f6 45. Bc6 Nd4 46.
Be8 b4 47. Ba4 Ne6 48. Be8 Nc5 49. Kd2 Kf4 50. Bh5 a4 51. Kc2 b3+ 52. axb3 Nxb3
53. Kc3 Ke3 0-1

[Event "IX Torneo Leonardo di Bona A"]
[Site "Cutro ITA"]
[Date "2003.05.01"]
[Round "9"]
[White "Scerbo, Antonio"]
[Black "Gangemi, Salvatore"]
[Result "0-1"]
[WhiteElo "2092"]
[BlackElo "2049"]
[PlyCount "84"]
[EventDate "2003.04.23"]

1. d4 Nf6 2. c4 g6 3. Nc3 d5 4. cxd5 Nxd5 5. e4 Nxc3 6. bxc3 Bg7 7. Bc4 c5 8.
Ne2 O-O 9. O-O cxd4 10. cxd4 Nc6 11. Be3 Na5 12. Bd3 Bg4 13. Qd2 Bxe2 14. Bxe2
a6 15. Rab1 Rc8 16. Rfc1 Rxc1+ 17. Rxc1 b5 18. Rc5 e6 19. a4 Nb3 20. Qb4 Nxc5
21. dxc5 bxa4 22. Qxa4 a5 23. c6 Qd6 24. Ba6 Be5 25. g3 Qb4 26. Qc2 Bc7 27. Kg2
Rb8 28. Bc5 Qb3 29. Qd2 Qb1 30. Qe3 Qc2 31. Bb7 a4 32. Bb6 Be5 33. Kh3 Qb1 34.
Kg2 a3 35. f4 Qb2+ 36. Kh3 a2 37. fxe5 a1=Q 38. c7 Qf1+ 39. Kg4 h5+ 40. Kh4
Qxe5 41. Qg5 Qxg5+ 42. Kxg5 Qc1+ 0-1